| 000 | 00854nam a22002177a 4500 | ||
|---|---|---|---|
| 003 | BD-DhUL | ||
| 005 | 20160906200501.0 | ||
| 008 | 160128s2001 bg ao||| |||| 000 0 ben | ||
| 020 | _a9848242899 | ||
| 040 |
_aBD-DhUL _cBD-DhUL |
||
| 082 |
_a954.92 _bKAB |
||
| 100 | 1 | 0 | _aখন্দকার মজহারুল করিম |
| 245 | 1 | 0 |
_aবঙ্গবন্ধু ও মুক্তিযুদ্ধের পক্ষ-বিপক্ষ / _cখন্দকার মজহারুল করিম |
| 260 |
_aঢাকা : _bজোনাকী, _c২০০১. |
||
| 300 |
_a২৫৬ পৃ. ; _c২২ সেমি |
||
| 365 |
_aটাকা _b১৫০.০০ |
||
| 500 | _aনির্ঘন্ট সংবলিত | ||
| 651 | 0 |
_aBangladesh _vHistory |
|
| 651 | 0 | _aবাংলাদেশ - ইতিহাস | |
| 942 |
_2ddc _cBK |
||
| 999 |
_c104537 _d104537 |
||